| 000 | 00472nam a2200181Ia 4500 | ||
|---|---|---|---|
| 003 | SISC | ||
| 005 | 20180912134631.0 | ||
| 008 | 180905s9999 xx 000 0 und d | ||
| 020 | _a9780545206778 | ||
| 050 | _aPZ 7 .W5197 2007 | ||
| 100 | _aWesterfeld, Scott | ||
| 245 |
_cScott Westerfeld _aExtras/ |
||
| 260 |
_aNY : _bScholastic Inc., _c2007 |
||
| 300 |
_a417 pages : _c19 cm. |
||
| 650 | _aFame -- fiction | ||
| 650 | _ateenage girl -- fiction | ||
| 942 |
_2lcc _cBK |
||
| 999 |
_c358533 _d358533 |
||